Les 47 pays ayant un IDH très élevé (2012) - Statistiques

Statistiques générales
  • Ce quiz a été pris 1 022 fois
  • Le résultat moyen est 36 sur 47
Statistiques - réponses
IDH Pays % Correct
0.937 Etats-Unis
98%
0.893 France
98%
0.911 Canada
97%
0.885 Espagne
96%
0.916 Suède
96%
0.892 Finlande
95%
0.912 Japon
95%
0.955 Norvège
95%
0.881 Italie
94%
0.920 Allemagne
93%
0.938 Australie
93%
0.913 Suisse
91%
0.816 Portugal
89%
0.901 Danemark
88%
0.860 Grèce
88%
0.906 Hong Kong
88%
0.921 Pays-Bas
88%
0.875 Royaume-Uni
88%
0.895 Autriche
87%
0.897 Belgique
87%
0.916 Irlande
86%
0.875 Luxembourg
86%
0.919 Nouvelle-Zélande
86%
0.821 Pologne
86%
0.906 Islande
83%
0.909 Corée du Sud
80%
0.831 Hongrie
80%
0.840 Slovaquie
80%
0.892 Slovénie
79%
0.805 Croatie
76%
0.846 Estonie
76%
0.873 République tchèque
76%
0.818 Lituanie
75%
0.814 Lettonie
73%
0.811 Argentine
72%
0.846 Andorre
71%
0.895 Singapour
69%
0.847 Malte
64%
0.883 Liechtenstein
60%
0.834 Qatar
60%
0.819 Chili
58%
0.900 Israël
57%
0.848 Chypre
56%
0.818 Emirats arabes unis
47%
0.855 Brunei
26%
0.806 Seychelles
15%
0.825 Barbade
7%
Aucun quiz correspondant
Distribution des résultats
% des personnes avec chaque résultat
Percentile par nombre de réponses
Votre historique - résultats
Vous n’avez pas pris ce quiz